[Event "Konik Morski Rewala OPEN A"]
[Site "Rewal"]
[Date "2007.08.26"]
[Round "6.11"]
[White "Walentukiewicz, Michal"]
[Black "Gumula, Daniel"]
[Result "1/2-1/2"]
[WhiteElo "2201"]
[BlackElo "2387"]
[PlyCount "95"]
[EventDate "2007.??.??"]

1. g3 f5 2. Bg2 Nf6 3. d4 g6 4. Nh3 Bg7 5. Nf4 c6 6. h4 d6 7. h5 e5 8. h6 Bf8
9. dxe5 dxe5 10. Qxd8+ Kxd8 11. Nd3 Nbd7 12. Bg5 Be7 13. Nc3 e4 14. Nf4 Ne5 15.
O-O-O+ Ke8 16. f3 Nf7 17. Bxf6 Bxf6 18. fxe4 Bxc3 19. bxc3 Ke7 20. Rd4 Re8 21.
exf5 Bxf5 22. g4 Bd7 23. Nd3 Rad8 24. Nc5 Bc8 25. Rb4 a5 26. Rxb7+ Bxb7 27.
Nxb7 Rc8 28. Rd1 Kf8 29. Bf3 Rc7 30. Nxa5 Ne5 31. Rd6 Ke7 32. Rd4 Ra8 33. Nb3
Kf6 34. a4 Nxf3 35. exf3 Kg5 36. Nc5 Re7 37. Nd3 Kxh6 38. f4 Ra5 39. g5+ Kg7
40. Ne5 Rc7 41. Kd2 c5 42. Rc4 Rca7 43. Nd3 Rxa4 44. Rxc5 h5 45. gxh6+ Kxh6 46.
Rc6 Kh5 47. Rc5+ Kh6 48. Rc6 1/2-1/2

[Event "Konik Morski Rewala OPEN A"]
[Site "Rewal"]
[Date "2007.08.26"]
[Round "6.12"]
[White "Maryasin, Boris"]
[Black "Stoma, Pawel"]
[Result "1/2-1/2"]
[WhiteElo "2321"]
[BlackElo "2233"]
[PlyCount "117"]
[EventDate "2007.??.??"]

1. e4 c5 2. Nf3 e6 3. d3 Nc6 4. g3 d5 5. Qe2 Nf6 6. Bg2 Be7 7. O-O O-O 8. e5
Nd7 9. c4 Nb6 10. b3 f5 11. exf6 Bxf6 12. Bb2 Bxb2 13. Qxb2 Qf6 14. Qxf6 Rxf6
15. Nc3 Bd7 16. Rae1 Rd8 17. Ne5 Be8 18. f4 a6 19. Rf2 Nb4 20. a3 Nc6 21. Nxc6
bxc6 22. Rfe2 Bg6 23. Rxe6 Bxd3 24. cxd5 cxd5 25. Rxf6 gxf6 26. Rd1 c4 27. bxc4
Bxc4 28. Rd4 Kf7 29. Kf2 Ke6 30. Bh3+ Kd6 31. Ne4+ Ke7 32. Nd2 Bb5 33. Bf1 Rc8
34. Bxb5 axb5 35. Rb4 Nc4 36. Nb1 Nd6 37. Ke3 Rc2 38. Kd4 Ke6 39. g4 Rxh2 40.
f5+ Kd7 41. Kxd5 h5 42. gxh5 Rxh5 43. Rf4 Nxf5 44. Nc3 Nd6+ 45. Kd4 Ke6 46. Rf3
Rh4+ 47. Kd3 Nc4 48. Rf2 Nxa3 49. Re2+ Kf5 50. Rb2 Rh3+ 51. Kd4 b4 52. Nd5 b3
53. Rf2+ Kg5 54. Rg2+ Kh6 55. Nxf6 Nc2+ 56. Ke5 Rf3 57. Ke6 Ne3 58. Ng4+ Nxg4
59. Rxg4 1/2-1/2

[Event "Konik Morski Rewala OPEN A"]
[Site "Rewal"]
[Date "2007.08.26"]
[Round "6.14"]
[White "Toma, Katarzyna"]
[Black "Gluszko, Tomasz"]
[Result "1-0"]
[WhiteElo "2275"]
[BlackElo "2119"]
[PlyCount "77"]
[EventDate "2007.??.??"]

1. e4 c5 2. Nf3 Nc6 3. Nc3 d6 4. d4 cxd4 5. Nxd4 Nf6 6. Bg5 e6 7. Qd2 a6 8. f3
Bd7 9. O-O-O Be7 10. h4 h6 11. Be3 h5 12. Kb1 Qc7 13. Bd3 Ne5 14. Bg5 b5 15. f4
Nxd3 16. cxd3 Qb6 17. Bxf6 Bxf6 18. Nf3 b4 19. Ne2 Bc6 20. Ng3 Qb7 21. Qe2 Rc8
22. Nd2 g6 23. Nc4 Be7 24. Na5 Qb6 25. Nxc6 Rxc6 26. d4 b3 27. axb3 Qxb3 28.
Rd3 Qb4 29. d5 Rb6 30. e5 Kd7 31. dxe6+ fxe6 32. exd6 Bf6 33. b3 Rhb8 34. Ne4
Bh8 35. Rc1 Rb5 36. Rc7+ Kd8 37. Nc5 Rxc5 38. Qxe6 Rc1+ 39. Rxc1 1-0

[Event "Konik Morski Rewala OPEN A"]
[Site "Rewal"]
[Date "2007.08.26"]
[Round "6.15"]
[White "Wozniak, Maciej"]
[Black "Jerezperez, Alfonso"]
[Result "0-1"]
[WhiteElo "2180"]
[BlackElo "2397"]
[PlyCount "96"]
[EventDate "2007.??.??"]

1. e4 e6 2. d3 d5 3. Nd2 c5 4. Ngf3 Ne7 5. g3 Nbc6 6. Bg2 g6 7. O-O Bg7 8. Re1
Qc7 9. c3 b6 10. Nf1 Bb7 11. Bd2 Rd8 12. Qc1 h6 13. h4 Ba6 14. Qc2 dxe4 15.
dxe4 Bd3 16. Qc1 b5 17. N1h2 c4 18. a4 Na5 19. Ra2 Nb3 20. Qd1 Qa5 21. e5 Nd5
22. Ng4 Bf5 23. Bh3 Kf8 24. Kh2 h5 25. Ne3 Nxe3 26. Rxe3 Bh6 27. Re2 Nxd2 28.
Nxd2 Bd3 29. b4 cxb3 30. Nxb3 Bxe2 31. Qxe2 Qxc3 32. Qxb5 Kg7 33. Nc5 Rhe8 34.
Ne4 Qd4 35. Nd6 Re7 36. Rc2 Kh8 37. Bg2 Bg7 38. f4 Bf8 39. Ne4 Qb6 40. Qe2 Rc7
41. Rb2 Qd4 42. Bf3 Rdc8 43. Rd2 Qxa4 44. Bxh5 Rc2 45. Bf3 Rxd2 46. Nxd2 Rc2
47. Qd3 Qa2 48. Qd8 Rxd2+ 0-1

[Event "Konik Morski Rewala OPEN A"]
[Site "Rewal"]
[Date "2007.08.26"]
[Round "6.16"]
[White "Philippe, Christophe"]
[Black "Chojnacki, Slawomir"]
[Result "0-1"]
[WhiteElo "2368"]
[BlackElo "2235"]
[PlyCount "88"]
[EventDate "2007.??.??"]

1. e4 c6 2. d4 d5 3. Nc3 dxe4 4. Nxe4 Bf5 5. Ng3 Bg6 6. h4 h6 7. Nf3 Nd7 8. h5
Bh7 9. Bd3 Bxd3 10. Qxd3 Qc7 11. Bd2 O-O-O 12. O-O-O Ngf6 13. Ne4 e6 14. g3
Nxe4 15. Qxe4 Nf6 16. Qe2 Bd6 17. c4 c5 18. Bc3 cxd4 19. Nxd4 a6 20. Nf3 Qc6
21. Rh4 Bc7 22. Nd4 Qa4 23. b3 Qa3+ 24. Kb1 Qd6 25. Kc2 Rd7 26. Nf3 Qxd1+ 27.
Qxd1 Rxd1 28. Kxd1 Rd8+ 29. Ke2 Ne8 30. Rg4 Rd7 31. Re4 Nd6 32. Rd4 Bb6 33. Rg4
f6 34. Bd4 Nf5 35. Rg6 Rf7 36. Rg4 e5 37. Re4 Rd7 38. g4 Nxd4+ 39. Nxd4 Bxd4
40. f4 exf4 41. Rxf4 Be5 42. Re4 Rf7 43. Kf3 Kd7 44. Re3 Ke6 0-1

[Event "Konik Morski Rewala OPEN A"]
[Site "Rewal"]
[Date "2007.08.26"]
[Round "6.17"]
[White "Brodowski, Piotr"]
[Black "Budrewicz, Krzysztof"]
[Result "1-0"]
[WhiteElo "2365"]
[BlackElo "2224"]
[PlyCount "73"]
[EventDate "2007.??.??"]

1. Nf3 Nf6 2. d4 g6 3. c4 Bg7 4. Nc3 O-O 5. g3 d6 6. Bg2 Nbd7 7. O-O e5 8. h3
Re8 9. Be3 exd4 10. Bxd4 c6 11. Rc1 Qe7 12. b4 a6 13. Qb3 Rb8 14. Rfd1 b5 15.
Be3 c5 16. cxb5 axb5 17. bxc5 dxc5 18. Nxb5 Ba6 19. a4 Ne4 20. Bf4 Rb7 21. Nd2
Ndf6 22. Nxe4 Nxe4 23. Qd5 Bxb5 24. axb5 h6 25. Rc4 Nxf2 26. Rd2 Nxh3+ 27. Bxh3
Rxb5 28. Bd7 Rb1+ 29. Kg2 Rd8 30. Qxc5 Qf6 31. Qc7 g5 32. Rc6 Qe7 33. Be6 Qxc7
34. Rxc7 Rf8 35. Ba2 Rb4 36. Rb2 Bxb2 37. Bd6 1-0

[Event "Konik Morski Rewala OPEN A"]
[Site "Rewal"]
[Date "2007.08.26"]
[Round "6.18"]
[White "Tokarski, Lukasz"]
[Black "Strzemiecki, Zbigniew"]
[Result "1-0"]
[WhiteElo "2168"]
[BlackElo "2306"]
[PlyCount "119"]
[EventDate "2007.??.??"]

1. e4 c5 2. Nf3 a6 3. c3 e6 4. d4 d5 5. exd5 Qxd5 6. Be2 Nf6 7. O-O Be7 8. Ne5
O-O 9. Bf3 Qd8 10. Bf4 Nbd7 11. Qe2 cxd4 12. cxd4 Nd5 13. Bg3 N7f6 14. Nc3 Bd7
15. Rfe1 Re8 16. Rac1 Rc8 17. Qd2 b5 18. Nxd5 Nxd5 19. Bxd5 exd5 20. Rxc8 Qxc8
21. Rc1 Qd8 22. h3 Bf6 23. Nf3 Bf5 24. Be5 Be7 25. Bc7 Qa8 26. Qf4 Be6 27. Bd6
Bd8 28. h4 Qb7 29. Ne5 f6 30. Nd3 Qf7 31. Bc7 Be7 32. Rc6 Bc8 33. Bd6 Qh5 34.
f3 Qf5 35. Qxf5 Bxf5 36. Nf4 a5 37. Nxd5 Bxd6 38. Rxd6 Bd3 39. Nf4 Bb1 40. a3
Ba2 41. d5 Bc4 42. Rd7 Re1+ 43. Kh2 Rd1 44. d6 Kf8 45. Nh5 Be6 46. Rxg7 Bf7 47.
Rxh7 Rxd6 48. Rh6 Ke7 49. Ng3 Rd2 50. Rxf6 Rxb2 51. Ra6 b4 52. Rxa5 b3 53. Rb5
Bc4 54. Rb4 Bd5 55. Nf5+ Kf6 56. Nd4 Rb1 57. a4 Rd1 58. Rb6+ Ke5 59. Nxb3 Rb1
60. Nc5 1-0

[Event "Konik Morski Rewala OPEN A"]
[Site "Rewal"]
[Date "2007.08.26"]
[Round "6.19"]
[White "Paci, Cedric"]
[Black "Mazurkiewicz, Michal"]
[Result "0-1"]
[WhiteElo "2304"]
[BlackElo "2199"]
[PlyCount "82"]
[EventDate "2007.??.??"]

1. Nf3 Nf6 2. c4 g6 3. g3 Bg7 4. Bg2 O-O 5. O-O d6 6. d4 c5 7. Nc3 cxd4 8. Nxd4
Qa5 9. e4 Nc6 10. Nb3 Qb4 11. Qe2 Ne5 12. c5 dxc5 13. Be3 Nfd7 14. Nd5 Qc4 15.
Qd2 e6 16. Ne7+ Kh8 17. Rfd1 Qb5 18. Rac1 c4 19. Nd4 Qa6 20. b3 Nb6 21. Bf1 Qa3
22. Nxc8 Raxc8 23. f4 c3 24. Qe2 Nc6 25. Nb5 Qb4 26. Nd6 Rc7 27. Qf2 Rd7 28.
Bc5 Qa5 29. Nc4 Rxd1 30. Nxa5 Rxc1 31. Nxc6 bxc6 32. Bxf8 Bxf8 33. Qe3 Ba3 34.
Qd4+ Kg8 35. Qd8+ Kg7 36. f5 exf5 37. Qd4+ f6 38. e5 c2 39. exf6+ Kf7 40. Kg2
Rxf1 41. Qd8 c1=Q 0-1

[Event "Konik Morski Rewala OPEN A"]
[Site "Rewal"]
[Date "2007.08.26"]
[Round "6.20"]
[White "Diczew, Filip"]
[Black "Bronowicki, Mateusz"]
[Result "1-0"]
[WhiteElo "2112"]
[BlackElo "2274"]
[PlyCount "63"]
[EventDate "2007.??.??"]

1. Nf3 b5 2. d3 d5 3. g3 Nf6 4. Bg2 Bb7 5. c3 Nbd7 6. O-O e5 7. Nbd2 a6 8. Qc2
g6 9. e4 Bg7 10. d4 Nxe4 11. Nxe4 dxe4 12. Nxe5 f5 13. Nxd7 Qxd7 14. Be3 O-O
15. Rfd1 h6 16. Qd2 g5 17. h4 gxh4 18. Bxh6 Bxh6 19. Qxh6 Qh7 20. Qxh4 Qxh4 21.
gxh4 Kf7 22. Kf1 f4 23. Bh3 Rh8 24. d5 f3 25. Ke1 Rad8 26. Be6+ Kf6 27. Rd4 c6
28. Rad1 Ba8 29. Rxe4 cxd5 30. Re3 Rxh4 31. Rd4 Re4 32. Rexe4 1-0

[Event "Konik Morski Rewala OPEN A"]
[Site "Rewal"]
[Date "2007.08.26"]
[Round "6.21"]
[White "Bebel, Arkadiusz"]
[Black "Galazewski, Tomasz"]
[Result "1/2-1/2"]
[WhiteElo "2142"]
[BlackElo "2259"]
[PlyCount "41"]
[EventDate "2007.??.??"]

1. e4 c5 2. c3 d5 3. exd5 Qxd5 4. d4 Nf6 5. Nf3 cxd4 6. cxd4 e6 7. Bd3 Be7 8.
Nc3 Qd8 9. O-O O-O 10. Be3 Nbd7 11. Qe2 Nb6 12. Rad1 Nbd5 13. Rfe1 Bd7 14. Ne5
Rc8 15. Nxd5 Nxd5 16. a3 Ba4 17. Rc1 Nxe3 18. fxe3 g6 19. Rxc8 Qxc8 20. Bb5
Bxb5 21. Qxb5 1/2-1/2

[Event "Konik Morski Rewala OPEN A"]
[Site "Rewal"]
[Date "2007.08.26"]
[Round "6.22"]
[White "Smirnov, Aleksander"]
[Black "Pieczonka, Marcin"]
[Result "0-1"]
[WhiteElo "2247"]
[BlackElo "2055"]
[PlyCount "66"]
[EventDate "2007.??.??"]

1. e4 e6 2. d3 d5 3. Nd2 c5 4. Ngf3 g6 5. Be2 Bg7 6. c3 Nc6 7. O-O Nge7 8. Rb1
O-O 9. Re1 f5 10. Bf1 d4 11. c4 Qc7 12. exf5 exf5 13. g3 f4 14. Ng5 fxg3 15.
hxg3 Ne5 16. f4 Ng4 17. Ne6 Bxe6 18. Rxe6 Ne3 19. Qe1 g5 20. Nf3 gxf4 21. g4
Qd7 22. Rxe7 Qxe7 23. Bh3 Rae8 24. Bd2 Qe6 25. Qh4 Qg6 26. Ne1 f3 27. Kf2 Bf6
28. Qg3 Be5 29. Qh4 Rf4 30. Qh5 Qxh5 31. gxh5 Rh4 32. Bd7 Rf8 33. Nxf3 Rh2+ 0-1

[Event "Konik Morski Rewala OPEN A"]
[Site "Rewal"]
[Date "2007.08.26"]
[Round "6.23"]
[White "Polok, Rafal"]
[Black "Malinin, Vasily B"]
[Result "0-1"]
[WhiteElo "1942"]
[BlackElo "2375"]
[PlyCount "70"]
[EventDate "2007.??.??"]

1. e4 Nc6 2. d4 e5 3. d5 Nce7 4. f4 exf4 5. Bxf4 Ng6 6. Bg3 Bc5 7. Nc3 d6 8.
Nf3 Nf6 9. Bd3 O-O 10. Qd2 Bd7 11. Bf2 Bxf2+ 12. Qxf2 b5 13. a3 c5 14. dxc6
Bxc6 15. O-O Qb8 16. Qd4 a6 17. Rae1 Re8 18. Nd5 Bxd5 19. exd5 Qb7 20. Bxg6
hxg6 21. b3 Rac8 22. c4 bxc4 23. bxc4 Qb3 24. Nd2 Qc2 25. Rc1 Qa4 26. Rc3 Re5
27. Qd3 Rce8 28. Nf3 Re2 29. Ng5 Qd7 30. Qd4 R8e5 31. Qh4 Qa7+ 32. Kh1 Qf2 33.
Qxf2 Rxf2 34. Rf3 Rxf1+ 35. Rxf1 Rxg5 0-1

[Event "Konik Morski Rewala OPEN A"]
[Site "Rewal"]
[Date "2007.08.26"]
[Round "6.24"]
[White "Rawicz, Karol"]
[Black "Szwed, Jacek"]
[Result "0-1"]
[WhiteElo "2170"]
[BlackElo "2364"]
[PlyCount "56"]
[EventDate "2007.??.??"]

1. e4 c5 2. Nf3 d6 3. d4 cxd4 4. Nxd4 Nf6 5. Nc3 a6 6. f3 e5 7. Nb3 Be6 8. Be3
Be7 9. Qd2 O-O 10. O-O-O a5 11. Bb5 Nbd7 12. Qf2 Rc8 13. Na4 Bc4 14. Bxc4 Rxc4
15. Nb6 Nxb6 16. Bxb6 Qa8 17. Qd2 Rfc8 18. Bxa5 b6 19. Bc3 Qxa2 20. Qd3 b5 21.
Kd2 b4 22. Ra1 bxc3+ 23. Ke2 Qxa1 24. Rxa1 cxb2 25. Rb1 Rxc2+ 26. Nd2 Nh5 27.
g3 Bg5 28. f4 Bxf4 0-1

[Event "Konik Morski Rewala OPEN A"]
[Site "Rewal"]
[Date "2007.08.26"]
[Round "6.25"]
[White "Llanezavega, Patricia"]
[Black "Mazalon, Mariusz"]
[Result "1-0"]
[WhiteElo "2298"]
[BlackElo "2158"]
[PlyCount "67"]
[EventDate "2007.??.??"]

1. e4 c5 2. Nf3 a6 3. Nc3 b5 4. d4 cxd4 5. Nxd4 e6 6. g3 Bb7 7. Bg2 Nf6 8. O-O
Bc5 9. e5 Bxg2 10. Kxg2 Ng8 11. Ne4 Be7 12. Qf3 Ra7 13. Bg5 f6 14. Be3 Rc7 15.
Nd6+ Bxd6 16. exd6 Rc8 17. Qb7 Kf8 18. Rfd1 Nh6 19. Nxe6+ dxe6 20. d7 Rc6 21.
Qxb8 Nf7 22. Qb7 Rc7 23. Qxa6 Rxd7 24. Bc5+ Kg8 25. Qxe6 Qa8+ 26. f3 Rc7 27.
Rd7 Rxd7 28. Qxd7 g6 29. Re1 Kg7 30. Re7 Qxa2 31. Re8 Rxe8 32. Qxe8 h5 33. Qxb5
Qd5 34. Bf8+ 1-0

[Event "Konik Morski Rewala OPEN A"]
[Site "Rewal"]
[Date "2007.08.26"]
[Round "6.26"]
[White "Nguyen, Piotr"]
[Black "Tokarski, Bartosz"]
[Result "0-1"]
[WhiteElo "2283"]
[BlackElo "2100"]
[PlyCount "66"]
[EventDate "2007.??.??"]

1. d4 Nf6 2. Bg5 Ne4 3. Bf4 c5 4. f3 Nf6 5. d5 Nh5 6. Bg5 h6 7. Bh4 Qb6 8. Nd2
Qxb2 9. e4 d6 10. a4 g5 11. Bf2 Bg7 12. Rb1 Qf6 13. h4 Nd7 14. g3 Qg6 15. Bh3
e6 16. Nc4 O-O 17. hxg5 hxg5 18. Nxd6 Ne5 19. Rb3 Rd8 20. Nxc8 Raxc8 21. Qe2 g4
22. fxg4 Nf6 23. g5 Nxe4 24. dxe6 fxe6 25. Re3 Rd4 26. Nf3 Nxf3+ 27. Rxf3 Rxa4
28. O-O Nxg5 29. Bxe6+ Qxe6 30. Re3 Re4 31. Re1 Rxe3 32. Bxe3 Qxe3+ 33. Qxe3
Bd4 0-1

[Event "Konik Morski Rewala OPEN A"]
[Site "Rewal"]
[Date "2007.08.26"]
[Round "6.27"]
[White "Matuszewski, Michal"]
[Black "Swiercz, Dariusz"]
[Result "0-1"]
[WhiteElo "2144"]
[BlackElo "2281"]
[PlyCount "92"]
[EventDate "2007.??.??"]

1. d4 f5 2. g3 Nf6 3. Bg2 g6 4. Nh3 Bg7 5. Nf4 d6 6. d5 c6 7. Nc3 cxd5 8. Ncxd5
Nc6 9. h4 Ng4 10. h5 e6 11. Nc3 g5 12. Nd3 d5 13. e3 h6 14. Bd2 O-O 15. f4 Qe7
16. Ne2 Bd7 17. Bf3 Rae8 18. c3 Kh8 19. Qc1 e5 20. Bxd5 exf4 21. gxf4 Qd6 22.
c4 Be6 23. Bc3 Bxd5 24. Bxg7+ Kxg7 25. Qc3+ Kh7 26. cxd5 Qxd5 27. O-O-O Nxe3
28. Ne5 Nxd1 29. Rxd1 Qe6 30. Ng6 Rf7 31. Rd2 Rc8 32. Rc2 Ne7 33. Qe5 Rxc2+ 34.
Kxc2 Qxe5 35. Nxe5 Rf6 36. Kd3 Nc6 37. Nf3 Rd6+ 38. Ke3 Re6+ 39. Kf2 gxf4 40.
Nxf4 Re4 41. Kg3 Nd4 42. Nd5 Rg4+ 43. Kf2 Nxf3 44. Kxf3 Kg7 45. Ne3 Rg5 46. Kf4
Rxh5 0-1

[Event "Konik Morski Rewala OPEN A"]
[Site "Rewal"]
[Date "2007.08.26"]
[Round "6.28"]
[White "Gola, Karol"]
[Black "Kalvaitis, Sigitas"]
[Result "1-0"]
[WhiteElo "2141"]
[BlackElo "2267"]
[PlyCount "83"]
[EventDate "2007.??.??"]

1. e4 e6 2. d4 d5 3. exd5 exd5 4. Nf3 Bd6 5. c4 c6 6. Nc3 Ne7 7. Bd3 dxc4 8.
Bxc4 O-O 9. O-O Bg4 10. h3 Bh5 11. g4 Bg6 12. Ne5 c5 13. f4 cxd4 14. Qxd4 Qc7
15. Nb5 Bxe5 16. fxe5 Qc8 17. Be3 Nbc6 18. Qc3 a6 19. Nd6 Qc7 20. a4 Nc8 21.
Rad1 Nxd6 22. exd6 Qd7 23. b4 Rfe8 24. Bf4 Rac8 25. Rfe1 h5 26. gxh5 Bxh5 27.
Rxe8+ Rxe8 28. Rd5 Re4 29. Rxh5 Rxf4 30. Qd3 Rg4+ 31. Kh1 g6 32. hxg4 gxh5 33.
gxh5 Kh8 34. h6 Qg4 35. h7 Qh4+ 36. Kg2 Qg4+ 37. Qg3 Qxg3+ 38. Kxg3 Kxh7 39.
Bd5 Nd8 40. a5 Kg7 41. Bxb7 Nxb7 42. b5 1-0

[Event "Konik Morski Rewala OPEN A"]
[Site "Rewal"]
[Date "2007.08.26"]
[Round "6.29"]
[White "Szymanski, Andrzej"]
[Black "Pigula, Marek"]
[Result "1/2-1/2"]
[WhiteElo "2251"]
[BlackElo "2141"]
[PlyCount "64"]
[EventDate "2007.??.??"]

1. d4 Nf6 2. c4 g6 3. Nc3 Bg7 4. e4 d6 5. Nf3 O-O 6. Be2 e5 7. d5 Nbd7 8. Bg5
a5 9. Nd2 h6 10. Be3 Nc5 11. a3 Bd7 12. b4 axb4 13. axb4 Rxa1 14. Qxa1 Na6 15.
Qa3 Ng4 16. Bxg4 Bxg4 17. c5 f5 18. f3 f4 19. Bf2 Bc8 20. O-O g5 21. cxd6 Qxd6
22. Ra1 Qg6 23. b5 Nb8 24. Qe7 g4 25. Ra8 gxf3 26. Nxf3 Bh3 27. Nh4 Qg4 28.
Qe6+ Qxe6 29. dxe6 Bxe6 30. Ng6 Re8 31. Ba7 Kf7 32. Rxb8 Rxb8 1/2-1/2

[Event "Konik Morski Rewala OPEN A"]
[Site "Rewal"]
[Date "2007.08.26"]
[Round "6.30"]
[White "Helstroffer, Arnaud"]
[Black "Gorecka, Joanna"]
[Result "0-1"]
[WhiteElo "2234"]
[BlackElo "2089"]
[PlyCount "94"]
[EventDate "2007.??.??"]

1. e4 c5 2. Nf3 d6 3. d4 cxd4 4. Nxd4 Nf6 5. Nc3 Nc6 6. Be2 e5 7. Nf5 d5 8.
exd5 Bxf5 9. dxc6 Qxd1+ 10. Nxd1 bxc6 11. Ne3 Be6 12. Bd2 Bc5 13. b4 Be7 14.
O-O O-O 15. Nc4 Ne4 16. Be1 f6 17. Na5 Rac8 18. c4 Rfd8 19. Nb3 Rb8 20. f3 Nd6
21. Na5 Rbc8 22. Bc3 Nf5 23. Rfd1 Nd4 24. Bf1 Nc2 25. Rxd8+ Bxd8 26. Rd1 Be7
27. c5 Ne3 28. Rd2 Nxf1 29. Kxf1 a6 30. Ke2 Kf7 31. Ke3 Bd5 32. Nb3 Rd8 33. Nc1
Ke6 34. a3 Bc4 35. g4 Rxd2 36. Bxd2 a5 37. Nd3 axb4 38. axb4 g6 39. Nf2 f5 40.
gxf5+ gxf5 41. f4 exf4+ 42. Kxf4 Bf6 43. Nd1 Be5+ 44. Kg5 Bxh2 45. Ne3 Bd3 46.
Ng2 Kd5 47. Ne3+ Ke6 0-1

[Event "Konik Morski Rewala OPEN A"]
[Site "Rewal"]
[Date "2007.08.26"]
[Round "6.31"]
[White "Wieclaw, Michal"]
[Black "Wandzik, Wojciech"]
[Result "1-0"]
[WhiteElo "2228"]
[BlackElo "2009"]
[PlyCount "67"]
[EventDate "2007.??.??"]

1. e4 d5 2. exd5 Qxd5 3. Nf3 Bg4 4. Be2 Nc6 5. Nc3 Qa5 6. h3 Bh5 7. d3 O-O-O 8.
Bd2 Nf6 9. a3 Bxf3 10. Bxf3 Nd4 11. O-O e6 12. g3 Qf5 13. Bg2 h5 14. Be3 e5 15.
Ne4 Nxe4 16. Bxe4 Qf6 17. c3 Nc6 18. Qa4 a6 19. Rad1 Qe6 20. b4 Nb8 21. b5 f5
22. bxa6 Nxa6 23. Bg2 Bc5 24. Rb1 Bb6 25. c4 c5 26. Bd5 Qg6 27. Bg5 Rd6 28. Be7
Rd7 29. Bg5 Nc7 30. Bxb7+ Kxb7 31. Qxd7 Qxg5 32. Rxb6+ Kxb6 33. Rb1+ Ka6 34.
Qa4# 1-0

[Event "Konik Morski Rewala OPEN A"]
[Site "Rewal"]
[Date "2007.08.26"]
[Round "6.32"]
[White "Andrenko, Irina"]
[Black "Wojciechowski, Piotr"]
[Result "1-0"]
[WhiteElo "2108"]
[BlackElo "2228"]
[PlyCount "102"]
[EventDate "2007.??.??"]

1. e4 c5 2. c3 Nf6 3. e5 Nd5 4. d4 cxd4 5. Nf3 Nc6 6. Bc4 Nb6 7. Bb3 d5 8. exd6
Qxd6 9. O-O Be6 10. Na3 a6 11. Bxe6 Qxe6 12. Nxd4 Nxd4 13. Qxd4 Rd8 14. Qe3 Qc6
15. Nc2 Nc4 16. Qg3 Qg6 17. Ne3 Qxg3 18. hxg3 Ne5 19. b3 e6 20. Nc2 Bc5 21. Be3
Bxe3 22. Nxe3 Rd3 23. c4 Ke7 24. Rfd1 Rhd8 25. Kf1 b5 26. Rxd3 Rxd3 27. Ke2
bxc4 28. Nxc4 Rd5 29. Ne3 Rc5 30. Rh1 h6 31. Rh4 Kd6 32. Kd2 Rb5 33. Kc3 f6 34.
Rd4+ Kc7 35. Ra4 a5 36. Rd4 h5 37. a3 Nc6 38. Rh4 Rc5+ 39. Kd2 Rb5 40. Kc3 Rc5+
41. Kd2 Ne5 42. b4 axb4 43. axb4 Rb5 44. Kc3 Nc6 45. Nc2 Rf5 46. f3 Rg5 47. Rh3
Ne7 48. Kd4 Nc6+ 49. Kc3 Kd7 50. b5 Ne7 51. Kd4 f5 1-0

[Event "Konik Morski Rewala OPEN A"]
[Site "Rewal"]
[Date "2007.08.26"]
[Round "6.33"]
[White "Witek, Tomasz"]
[Black "Krasenkova, Ilena"]
[Result "0-1"]
[WhiteElo "2105"]
[BlackElo "2224"]
[PlyCount "131"]
[EventDate "2007.??.??"]

1. d4 d6 2. c4 e5 3. Nf3 e4 4. Ng5 f5 5. d5 c6 6. Nc3 Be7 7. Nh3 Nf6 8. g3 Nbd7
9. Bg2 Ne5 10. b3 O-O 11. O-O Kh8 12. Kh1 Bd7 13. Nf4 g5 14. Nh3 h6 15. f3 exf3
16. exf3 Ng6 17. Bb2 c5 18. Nf2 Rf7 19. Re1 Bf8 20. Qc2 Bg7 21. Nd3 Qf8 22. Re2
Re8 23. Rae1 Rxe2 24. Rxe2 Re7 25. a3 Qe8 26. Rxe7 Qxe7 27. b4 b6 28. bxc5 bxc5
29. Bf1 Kg8 30. Qd2 Kf7 31. Be2 Ne8 32. Bd1 Bd4 33. Bc2 Nf6 34. Nd1 Bxb2 35.
N1xb2 Ne5 36. Nxe5+ Qxe5 37. Bd1 Bc8 38. Kg2 Nd7 39. f4 gxf4 40. Bh5+ Kf6 41.
gxf4 Qe4+ 42. Bf3 Qd4 43. Qe2 Nb6 44. Qe8 Qxb2+ 45. Kg3 Kg7 46. Qe7+ Kh8 47.
Qxd6 Qg7+ 48. Kh3 Ba6 49. Qxc5 Bxc4 50. d6 Bf1+ 51. Kh4 Bg2 52. Bh5 Be4 53. Qb5
Nd7 54. Qa6 Qf6+ 55. Kg3 Qc3+ 56. Kf2 Qd2+ 57. Be2 Qxf4+ 58. Ke1 Qc1+ 59. Kf2
Qc5+ 60. Ke1 Kg7 61. Bb5 Qg1+ 62. Kd2 Qxh2+ 63. Kc3 Qe5+ 64. Kd2 Qd4+ 65. Ke2
Ne5 66. Qc8 0-1

[Event "Konik Morski Rewala OPEN A"]
[Site "Rewal"]
[Date "2007.08.26"]
[Round "6.34"]
[White "Marta, Daniele"]
[Black "Gasik, Anna"]
[Result "0-1"]
[WhiteElo "2079"]
[BlackElo "2214"]
[PlyCount "140"]
[EventDate "2007.??.??"]

1. d4 d5 2. c4 c6 3. e3 Nf6 4. Nf3 e6 5. Be2 Nbd7 6. O-O dxc4 7. Bxc4 b5 8. Be2
a6 9. a3 Bb7 10. Nbd2 c5 11. b3 Bd6 12. Bb2 O-O 13. a4 Qb6 14. Ne5 Rfd8 15. a5
Qc7 16. Ndf3 Bxe5 17. dxe5 Ng4 18. Qd6 Qxd6 19. exd6 Ndf6 20. Rfd1 Bd5 21. Nd2
Nh6 22. f3 Bc6 23. Nf1 Nd7 24. e4 f6 25. Rac1 Rac8 26. Ng3 Nf7 27. Rd2 Bb7 28.
Rcd1 Nb8 29. f4 Nc6 30. Bg4 Nxa5 31. Bxe6 Rc6 32. Rd3 c4 33. bxc4 Nxc4 34. Ba1
Rcxd6 35. Rxd6 Rxd6 36. Rxd6 Ncxd6 37. e5 fxe5 38. fxe5 Ne8 39. Bc3 Nc7 40. Bd7
Nd5 41. Bd4 Nd8 42. Ne4 Bc6 43. Bc8 Ne7 44. Bxa6 Bxe4 45. Bxb5 Kf7 46. g3 Ke6
47. Kf2 Ndc6 48. Ba1 Nxe5 49. h3 Nd5 50. g4 g6 51. Ba6 Nc6 52. Bc8+ Kd6 53. Kg3
Bd3 54. g5 Nde7 55. Bg4 Nf5+ 56. Kf4 Ncd4 57. Bxf5 Nxf5 58. Bc3 Kd5 59. Be1 Nd4
60. h4 Bb5 61. Bf2 Ne6+ 62. Kf3 Ke5 63. Kg4 Be2+ 64. Kg3 Kf5 65. Bb6 Ng7 66.
Bf2 Nh5+ 67. Kh3 Bf1+ 68. Kh2 Kg4 69. Kg1 Bc4 70. Kh2 Ng7 0-1

[Event "Konik Morski Rewala OPEN A"]
[Site "Rewal"]
[Date "2007.08.26"]
[Round "6.35"]
[White "Dragun, Kamil"]
[Black "Pazdziora, Michal"]
[Result "1-0"]
[WhiteElo "2050"]
[BlackElo "2205"]
[PlyCount "53"]
[EventDate "2007.??.??"]

1. e4 c5 2. Nf3 Nc6 3. d4 cxd4 4. Nxd4 Qb6 5. Nb3 Nf6 6. Nc3 e6 7. Bd3 a6 8.
O-O d6 9. Be3 Qc7 10. f4 b5 11. Qf3 Bb7 12. Rae1 Be7 13. Nd4 Nb4 14. a3 Nxd3
15. cxd3 d5 16. e5 Nd7 17. f5 O-O-O 18. Ncxb5 axb5 19. Rc1 Nc5 20. b4 Kb8 21.
bxc5 Bc6 22. fxe6 f6 23. exf6 Bxf6 24. Qxf6 gxf6 25. Bf4 Kb7 26. Bxc7 Kxc7 27.
Rxf6 1-0

[Event "Konik Morski Rewala OPEN A"]
[Site "Rewal"]
[Date "2007.08.26"]
[Round "6.36"]
[White "Baumann, Dariusz"]
[Black "Kubit, Tomasz"]
[Result "0-1"]
[WhiteElo "2050"]
[BlackElo "2198"]
[PlyCount "76"]
[EventDate "2007.??.??"]

1. d4 d5 2. c4 Nc6 3. cxd5 Qxd5 4. e3 e5 5. Nc3 Bb4 6. a3 Bxc3+ 7. bxc3 Nf6 8.
f3 e4 9. Qe2 O-O 10. Qf2 Na5 11. Rb1 a6 12. Ne2 Qa2 13. Rb2 Qa1 14. Rd2 Bd7 15.
Qh4 Nc4 16. Kf2 Nxd2 17. Bxd2 Rfe8 18. h3 Bb5 19. Rg1 Qb2 20. Be1 Kh8 21. f4
Nd5 22. Qh5 Rad8 23. g4 Qxa3 24. g5 g6 25. Qg4 c5 26. Qg3 Bxe2 27. Bxe2 Nxc3
28. Bxc3 Qxc3 29. dxc5 Qxc5 30. h4 Rd2 31. Re1 b5 32. h5 b4 33. Qg4 Qf5 34. Qg3
b3 35. hxg6 fxg6 36. Kf1 b2 37. Bg4 Qb5+ 38. Be2 Rxe2 0-1

[Event "Konik Morski Rewala OPEN A"]
[Site "Rewal"]
[Date "2007.08.26"]
[Round "6.37"]
[White "Zurkowski, Andrzej"]
[Black "Jozwicki, Jakub"]
[Result "0-1"]
[WhiteElo "2015"]
[BlackElo "2178"]
[PlyCount "80"]
[EventDate "2007.??.??"]

1. d4 f5 2. c4 Nf6 3. Nc3 g6 4. Nf3 Bg7 5. g3 O-O 6. Bg2 d6 7. O-O c6 8. Qb3
Na6 9. Qa3 Nc7 10. b4 Ne4 11. Bb2 Nxc3 12. Qxc3 a5 13. a3 Bd7 14. Qc2 b5 15.
cxb5 Nxb5 16. Qb3+ e6 17. e3 axb4 18. axb4 Rb8 19. Nd2 g5 20. Qd3 c5 21. bxc5
dxc5 22. Nc4 cxd4 23. exd4 Nc7 24. Ba3 Rf6 25. Bd6 Bb5 26. Rfb1 Rf7 27. Rb4 Rd7
28. Rxb5 Rxb5 29. Bc6 Rxd6 30. Nxd6 Rb6 31. Nb7 Qxd4 32. Qxd4 Bxd4 33. Rc1 Rb2
34. Rf1 Kg7 35. Bg2 Nd5 36. Nd8 Kf6 37. Nc6 Bb6 38. h3 h6 39. Bf3 Bc5 40. Kg2
Ne3+ 0-1